Old names for countries of the world - Statistics

General Stats
  • This quiz has been taken 98 times
    85 since last reset
  • The average score is 68 of 196
Answers on the Map
Answers color-coded by a green-red scale on the quiz's map according to % correct below.
 
Answer Stats
Country % Correct
none
68%
none
66%
Siam
38%
Persia
34%
Gaul
32%
Burma
28%
Ceylon
24%
Germania
24%
East pakistan
22%
Ottoman Empire
22%
Dahomey
20%
Dutch East Indies
18%
Gold coast
18%
Southern Rhodesia
18%
Swaziland
18%
Upper Volta
18%
Mesopotamia
16%
Northern Rhodesia
16%
South West Africa
16%
Abyssinia
14%
Czechoslovakia
14%
New Holland
14%
Bechuanaland
12%
Gilbert Islands
12%
Italia
12%
Nyasaland
12%
British Raj
10%
French Sudan
10%
Spanish Guinea
10%
Eire
8%
French Somaliland
8%
Portuguese Guinea
8%
British Honduras
6%
Cathay
6%
Dutch Guiana
6%
Gran Colombia
6%
Hellas
6%
Kampuchea
6%
New Hebrides/Great Cyclades/Espiritu Santo
6%
Phoenicia
6%
Hejaz
4%
Helvetia
4%
Kathmandu
4%
Kemet
4%
The Ellice Islands
4%
Vatican City
4%
Abu Dhabi/Ajman/Dubai/Fujayrah/Sharjah/Umm al Quwain
2%
Conakry
2%
Czechslovakia
2%
Hindustan
2%
Khorasan
2%
River of silver
2%
Ruanda
2%
White Russia
2%
Barunai
0%
British East Africa Protectorate
0%
Buganda
0%
Dilmun
0%
Druk yul
0%
French Tunisie
0%
Gallia Belgica
0%
German Togoland
0%
Geto-Dacia
0%
Hashemite Kingdom of Transjordan
0%
Hayk
0%
Hewanorra
0%
Ilha Formosa
0%
Island of the True Cross
0%
Isle de France
0%
Isle de Séchelles
0%
Kanata
0%
Kazakh Autonomous Socialist Soviet Republic
0%
Kingdom of Serbs, Croats, and Slovenes
0%
Land of the Hummingbird
0%
Lietuva
0%
Lion Mountains
0%
Melita
0%
Monaco city
0%
Muscat and Oman
0%
Old Joseon
0%
Oriental Republic of Uruguay
0%
Republic of Aras
0%
Republic of Zaire
0%
Ruanda-Urundi
0%
Saint Christopher and Nevis
0%
Saint Domingue
0%
Santo Domingo
0%
Socialist Federal Republic of Yugoslavia
0%
Socialist Republic of Vietnam
0%
Spania
0%
Sweoland/Sweorice
0%
Temasek
0%
Territory of Basutoland
0%
The British Solomon Islands Protectorate
0%
The Philippine islands
0%
The Province of Papua
0%
The Savior
0%
Turkmenia
0%
Ukrainian Soviet Socialist Republic
0%
United Colonies
0%
United Republic of Tanganyika and Zanzibar
0%
Uzbek Soviet Socialist Republic
0%
Wadadli
0%
Xaymaca
0%
Zaydi Mutawakkilite Kingdom of Yemen/Yemen Arab Republic/Aden Protectorate
0%
No matching quizzes found
Score Distribution
Percent of People with Each Score
Percentile by Number Answered
Your Score History
You have not taken this quiz since the last reset